000
00253nam a2200097 a 4500
005
20200930080126.0
008
120210s2011 000 spa d
245
0
_a
Obra-concierto Cavalleria rusticana.
260
_a
Santo Domingo,
_c
2011.
999
_c
36563
_d
36563
040
_a
DO-SdBNP